00245nam a2200109Ia 4500008004100000100001700041245002000058260002100078650001200099942000700111999001700118190216s9999||||xx |||||||||||||| ||und|| aRandhava M S 0aJeeva Parinamam bM M Publication aZoology cBK c39330d39330